[Event "Vestlandsserien avd. nord 2018-19"]
[Site "Hordaland/Sogn og Fjordane"]
[Date "2019.02.10"]
[Round "5"]
[White "Kvamme, John A"]
[Black "Sekkingstad, Thomas"]
[Result "1-0"]
[WhiteElo "2068"]
[BlackElo "1577"]
[PlyCount "62"]
[EventDate "2018.??.??"]

1. c4 c6 2. e4 e6 3. d4 d5 4. cxd5 cxd5 5. e5 Nc6 6. Nf3 Bb4+ 7. Nc3 Nge7 8. a3
Bxc3+ 9. bxc3 O-O 10. Bd3 Ng6 11. h4 f5 12. h5 Nh8 13. g4 h6 14. g5 Nf7 15. Rg1
hxg5 16. Nxg5 Qc7 17. Bd2 Qe7 18. Qf3 Bd7 19. Nxf7 Qxf7 20. Bh6 Kh8 21. Bxg7+
Kh7 22. Qf4 Qxg7 23. Rxg7+ Kxg7 24. Qg5+ Kh8 25. Qh6+ Kg8 26. Qg6+ Kh8 27. Kd2
Ne7 28. Qh6+ Kg8 29. Rg1+ Kf7 30. Rg7+ Ke8 31. Qh7 Bc8 1-0

[Event "Vestlandsserien avd. nord 2018-19"]
[Site "Hordaland/Sogn og Fjordane"]
[Date "2019.02.10"]
[Round "5"]
[White "SÃ¦vareid, Ove"]
[Black "Eikeland, Erik"]
[Result "0-1"]
[WhiteElo "2150"]
[BlackElo "2230"]
[PlyCount "64"]
[EventDate "2018.??.??"]

1. Nf3 d5 2. c4 e6 3. b3 Nf6 4. Bb2 Be7 5. g3 O-O 6. Bg2 b6 7. O-O Bb7 8. cxd5
Nxd5 9. Nc3 Bf6 10. Qc1 c5 11. Nxd5 Bxd5 12. Rd1 Nc6 13. d3 Nd4 14. Nxd4 cxd4
15. Qd2 Bxg2 16. Kxg2 Rc8 17. Rac1 Bg5 18. f4 Bf6 19. Rxc8 Qd5+ 20. Kg1 Rxc8
21. Rc1 Re8 22. Rc2 e5 23. e4 dxe3 24. Qxe3 e4 25. Bxf6 gxf6 26. Re2 f5 27.
dxe4 Rxe4 28. Qd2 Rd4 29. Qc3 h5 30. h4 Kh7 31. Qc2 Rd1+ 32. Kf2 Rd3 0-1

[Event "Vestlandsserien avd. nord 2018-19"]
[Site "Hordaland/Sogn og Fjordane"]
[Date "2019.02.10"]
[Round "5"]
[White "Klausen, TorbjÃ¸rn"]
[Black "Marthinussen, Trond E"]
[Result "1-0"]
[WhiteElo "1832"]
[BlackElo "1717"]
[PlyCount "73"]
[EventDate "2018.??.??"]

1. e4 d6 2. f4 g6 3. Nc3 Bg7 4. Bc4 e6 5. Nf3 b6 6. O-O Bb7 7. d3 Ne7 8. Qe1
Nbc6 9. a4 Nd4 10. Nxd4 Bxd4+ 11. Kh1 Bg7 12. f5 gxf5 13. exf5 Bxc3 14. bxc3
Rg8 15. Bb5+ c6 16. fxe6 f5 17. Bc4 Qc7 18. Bf4 O-O-O 19. Rf2 a6 20. d4 b5 21.
Bd3 c5 22. axb5 axb5 23. Bxb5 cxd4 24. cxd4 Qb6 25. Bd7+ Rxd7 26. exd7+ Kxd7
27. Rb1 Qc6 28. Qd2 Nd5 29. h3 Ba8 30. Rg1 Nc3 31. Qd3 Ne4 32. Re2 Rxg2 33.
Rgxg2 Qa4 34. Kh2 Qa5 35. c4 Qd8 36. d5 Qf6 37. Rxe4 1-0